[Event "Bermuda-B"]
[Site "Bermuda"]
[Date "2003.02.04"]
[Round "10"]
[White "Kallio, Heikki"]
[Black "Dinstuhl, Volkmar"]
[Result "1-0"]
[WhiteElo "2474"]
[BlackElo "2416"]
[Annotator "Mueller,Karsten"]
[PlyCount "117"]
[EventDate "2003.01.25"]
[EventType "tourn"]
[EventRounds "11"]
[EventCountry "BER"]
[EventCategory "10"]
[SourceTitle "CBM 094"]
[Source "ChessBase"]
[SourceDate "2003.05.26"]
[SourceVersion "1"]
[SourceVersionDate "2003.05.26"]
[SourceQuality "1"]

1. e4 c5 2. Nf3 d6 3. d4 cxd4 4. Qxd4 Nc6 5. Bb5 Bd7 6. Bxc6 Bxc6 7. c4 Nf6 8.
Nc3 e6 9. O-O Be7 10. Bg5 O-O 11. Rfe1 Ne8 $6 {recht passiv.} 12. Bxe7 Qxe7 13.
Qd3 (13. Rad1 $5 Qc7 14. b4 $14) 13... Nf6 14. Nd4 Rfd8 15. Qg3 (15. Nd5 Bxd5
16. exd5 e5 17. Nf5 Qd7 $11) 15... Rac8 16. b3 Bd7 17. Rad1 a6 18. a4 Re8 19.
h3 Rcd8 20. f4 (20. a5 $5) 20... e5 21. Nf3 Nh5 $6 (21... exf4 $5 22. Qxf4 Bc6
$11) 22. Qg5 Qxg5 (22... Nxf4 $6 23. Qxe7 Rxe7 24. Rxd6 f6 25. Red1 Kf7 26. Nh4
g6 27. a5 $14) 23. fxg5 Be6 24. Rd2 Kf8 25. Red1 Ke7 26. Ne2 g6 (26... f5 $5)
27. a5 $5 Ng7 $2 {[%cal Ge2c3,Gc3a4,Ga4b6] Volkmar Dinstuhl spielt zu passiv} (
27... f5 $142 28. gxf6+ Nxf6 29. Nc3 Rf8 $14) 28. Nc3 $1 $16 Rd7 29. Na4 Rb8
30. Nb6 Rdd8 31. Kf2 Ne8 32. Ke3 Nc7 33. Rd3 Ne8 34. Ne1 f5 35. gxf6+ Nxf6 36.
Nc2 g5 37. Nb4 h6 38. R3d2 $5 {der Beginn der Verlegung der weißen Türme auf
die f-Linie} Bg8 39. Rf2 Rf8 40. Rdf1 Nh7 41. N4d5+ Bxd5 42. cxd5 Rxf2 43. Rxf2
{Kallio überstürzt im Folgenden nichts und verstärkt in Ruhe seine Stellung,
bis Schwarz sturmreif ist:} Nf8 44. Kf3 h5 45. Ke3 Nh7 46. Rc2 Kd8 47. b4 Nf8
48. Rf2 Ke7 49. g3 Nh7 50. Rc2 Kd8 51. Rc1 Nf8 52. Rf1 Ke7 53. h4 $5 {[%mdl
4096] legt die Schwäche h5 frei} gxh4 54. gxh4 Ng6 $6 (54... Nd7 $5 55. Nxd7
Kxd7 56. Rf7+ Kd8 57. Rh7 Rc8 {war zäher.}) 55. Rc1 Rf8 (55... Kd8 56. Rg1 Nxh4
57. Rg7 $18 {und Schwarz ist total dominiert.}) 56. Rc7+ Kd8 57. Rd7+ Ke8 58.
Rxb7 Rf4 (58... Nxh4 59. b5 $18) 59. b5 (59. b5 axb5 60. a6 $18 {[%cal Ga6a8]})
1-0

[Event "GER-GRE"]
[Site "Fuerth"]
[Date "2002.08.31"]
[Round "1"]
[White "Graf, Alexander"]
[Black "Banikas, Hristos"]
[Result "1-0"]
[WhiteElo "2624"]
[BlackElo "2520"]
[Annotator "Mueller,Karsten"]
[PlyCount "49"]
[EventDate "2002.08.31"]
[EventType "team"]
[EventRounds "6"]
[EventCountry "GER"]
[SourceTitle "CBM 091"]
[Source "ChessBase"]
[SourceDate "2002.11.12"]
[SourceVersion "1"]
[SourceVersionDate "2002.11.12"]
[SourceQuality "1"]
[WhiteTeam "Germany"]
[BlackTeam "Greece"]
[WhiteTeamCountry "GER"]
[BlackTeamCountry "GRE"]

1. e4 c5 2. Nf3 d6 3. d4 Nf6 4. dxc5 Nxe4 5. cxd6 Nc6 6. Na3 $146 (6. Bd3 Nxd6
7. O-O g6 (7... Bg4 8. h3 Bh5 9. Nc3 e6 $11 {1/2-1/2 Fink,L-Koernlein,D/
Winterberg 2002/CBM 88 ext (19)}) 8. Nc3 (8. Re1 Bg7 9. c3 (9. Nc3 O-O 10. Bg5
Qa5 $5 11. Rxe7 $2 (11. Bd2 $11) 11... Bg4 $36 {1/2-1/2 Kokorev,D-Yevseev,D/St
Petersburg 2000/CBM 75 (56)}) 9... O-O 10. Bf4 $6 e5 $1 11. Nxe5 $2 Nxe5 12.
Bxe5 Bxe5 13. Rxe5 Nc4 $1 14. Rb5 Bf5 15. Be2 Qxd1+ 16. Bxd1 Rfe8 17. g4 Re1+
18. Kg2 Bd7 19. Rb4 Rxd1 20. Rxc4 Bc6+ {0-1 Yandemirov,V-Ionov,S/St.
Petersburg RUS 1999 (20)}) 8... Bg7 9. Ne4 O-O 10. c3 Bg4 11. Nxd6 Qxd6 12. Be4
Qc7 13. Qa4 Ne5 14. Nxe5 Bxe5 15. h3 Bd7 $11 {1/2-1/2 Yandemirov,V-Moreno,J/
Ubeda ESP 1999 (34)}) (6. dxe7 $5 {is risky, but should be investigated
carefully as the following games show: ist zwar riskant, verdient es aber,
genauer geprüft zu werden, wie die folgenden Partien zeigen:} Qxd1+ 7. Kxd1
Nxf2+ (7... Bxe7 $6 8. Be3 Bg4 9. Be2 O-O-O+ 10. Nfd2 $14 {1-0 Czebe,
A-Szeberenyi,A/Budapest 2000/CBM 79 ext (17). (17)}) 8. Ke1 Nxh1 9. exf8=Q+
Kxf8 (9... Rxf8 10. Be3 Bg4 11. Bc5 Rh8 12. Bd3 O-O-O 13. Nc3 b6 14. Be3 Rhe8
15. Kd2 Bxf3 16. gxf3 Ne5 17. Ke2 Nxd3 18. cxd3 Nf2 19. Kxf2 Rxd3 20. Re1 $14 {
1-0 Varga,Z-Senff,M/Paks HUN 2000/The Week in Chess 303 (44)}) 10. g3 Bg4 11.
Bg2 Re8+ 12. Kf1 Bxf3 13. Bxf3 Nd4 14. Bd1 h5 15. c3 Nf5 16. Bf3 h4 17. g4
Nfg3+ 18. hxg3 Nxg3+ 19. Kg2 h3+ 20. Kxg3 h2 21. Nd2 h1=Q 22. Bxh1 Rxh1 23. b3
Kg8 24. Nf3 Re2 25. c4 Rf1 26. Bb2 Rxf3+ 27. Kxf3 Rxb2 28. Rd1 Rxa2 29. Rd8+
Kh7 30. Rd7 b6 31. Rxf7 Ra3 32. Ke4 Kg6 33. Rb7 Rxb3 {1/2-1/2 Bering,A-Bekker
Jensen,S/Copenhagen DEN 2001/The Week in Chess 350 (33)}) (6. Be2 e6 7. O-O
Bxd6 8. c3 Qc7 9. Qa4 Nc5 10. Qh4 Be7 11. Qg3 Qxg3 12. hxg3 O-O $11 {1/2-1/2
Vokarev,S-Vorobiov,E/St Petersburg 2001/CBM 82 ext (40)}) (6. Nbd2 Nxd6 7. Nc4
e5 (7... Nxc4 8. Qxd8+ Kxd8 9. Bxc4 f6 10. Be3 e5 11. O-O-O+ Kc7 $11 {0-1
Heidenfeld,M-Greet,A/Scarborough ENG 1999 (41)}) 8. c3 f6 9. Qb3 Qc7 10. Be3 (
10. Nxd6+ Bxd6 11. Bc4 Bd7 12. Bf7+ Ke7 13. Bd5 Na5 14. Qc2 Bb5 15. Qe4 Bc4 16.
Be3 Bxd5 17. Qxd5 Nc4 18. Bc1 Rac8 19. O-O Qc6 {1/2-1/2 Borgo,G-Rossi,C/Arco
ITA 1999 (19)}) 10... Bd7 11. Be2 Nf5 12. O-O Be6 $11 {1/2-1/2 Anand,
V-Ivanchuk,V/Linares 1998/CBM 64 (25)}) (6. Be3 e5 7. Bc4 (7. Nbd2 Nxd6 8. Be2
Be7 9. O-O O-O 10. Nc4 Nxc4 11. Qxd8 Rxd8 12. Bxc4 Bf5 13. c3 Bd3 14. Bxd3 Rxd3
15. Rfd1 Rad8 16. Rxd3 Rxd3 17. Kf1 f6 {1/2-1/2 Brana Lopez,E-Munoz Agullo,F/
Cala Galdana ESP 1999 (17)}) 7... Nxd6 8. Bd5 Bg4 9. Nc3 Be7 10. Qd2 Qa5 11.
Bb3 Nf5 $11 {/=/+ 1/2-1/2 Bezgodov,A-Bekker Jensen,D/Aars DEN 1999 (35)}) 6...
Bg4 $6 (6... Nxd6 $5 {comes into consideration to avoid the burden of an
isolated d-pawn kam in Betracht, um die Entstehung eines d-Isolanis zu
vermeiden, z.B.} 7. Nc4 {transposes to 6.Nbd2 Nxd6 mit Zugumstellung zu 6.Sbd2
Sxd6}) 7. h3 $5 Bh5 (7... Qb6 $6 8. Be3 (8. Qe2 $5) 8... Qb4+ (8... Qxb2 9.
hxg4 Qxa3 10. d7+ Kd8 11. Bd3 $36) 9. c3 Qxb2 (9... Nxc3 $2 10. bxc3 Qxc3+ 11.
Bd2 Qxa3 12. hxg4 $18) 10. hxg4 Qxa3 11. d7+ Kd8 12. Qc2 $36) 8. Nb5 exd6 9.
Be2 d5 $2 {this pawn sacrifice is not justified. Black should finish his
development: dieses Bauernopfer zahlt sich nicht aus. Schwarz sollte sich
zunächst ruhig weiterentwickeln:} (9... Be7 10. O-O O-O $11 {/+/=}) 10. Qxd5
Qa5+ $2 (10... Qxd5 {was the lesser evil: war das geringere Übel, z.B.} 11.
Nc7+ Kd8 (11... Kd7 $6 12. Nxd5 Nb4 13. Bb5+ Kd8 14. Nxb4 Bxb4+ 15. Ke2 $16)
12. Nxd5 Nb4 $14 {/+/-}) 11. c3 $16 Nf6 12. Qc4 Bxf3 13. Bxf3 Ne5 14. Qe2 O-O-O
15. Qxe5 Re8 16. Qxe8+ $1 (16. Nxa7+ $2 Qxa7 17. Bg4+ Kd8 18. Be3 Rxe5 19.
O-O-O+ Kc7 20. Bxa7 b6 {is of course not, what White wants. ist nicht im Sinne
von Weiß.}) 16... Nxe8 17. Bg4+ Kb8 18. Bf4+ Ka8 19. a4 g5 $2 (19... Bd6 $142
20. Be3 (20. Nxd6 $6 Nxd6 21. Bxd6 $2 Re8+ 22. Kd1 (22. Kf1 $6 Qa6+ $17) 22...
Qd5+ $15) (20. Bxd6 $6 Nxd6 21. Nxd6 $6 Qe5+ $15) 20... Bb8 21. O-O Nf6 22. Bf3
$16) 20. Bxg5 $18 a6 (20... Bd6 21. O-O Bb8 22. Rfd1 f6 23. Be3 $18) 21. O-O $1
{[%mdl 1152] Alexander Graf attacks very instructively. Black's queen is
powerless against the coordinated attack of White's forces. Alexander Graf
führt den folgenden Angriff in beeindruckender Manier. Es zeigt sich, dass die
Dame gegen das koordinierte Vorgehen der weißen Kräfte nichts ausrichten kann.}
Nd6 (21... h5 22. Bf3 Bh6 23. Be7 Bf8 24. Rfe1 Kb8 25. Bg5 Nd6 26. Bf4 axb5 27.
Re8+ Kc7 28. Rd1 Qxa4 29. Bxd6+ Bxd6 30. Rxh8 $18) (21... Rg8 22. Be3 Qd8 23.
Rfd1 Nd6 24. Nxd6 Bxd6 25. Bf4 Bxf4 26. Rxd8+ Rxd8 27. g3 $18) 22. Rfd1 $1 Rg8
(22... Qb6 23. Be3 Qd8 24. Rd5 $18) 23. Bf4 f5 (23... Nxb5 24. axb5 Qxb5 25.
Rd8+ Ka7 26. Be3+ Bc5 (26... b6 27. Bf3 $18 {[%cal Gd8a8]}) 27. Bxc5+ Qxc5 28.
Rxg8 $18) 24. Bf3 Ne8 (24... axb5 25. axb5 Qxa1 26. Rxa1+ Kb8 27. c4 $18 {
[%cal Gc4c5]}) 25. Bc7 {A very nice finish! Ein schöner Schlusszug!} (25. Bc7
Nxc7 $2 26. Rd8#) 1-0

[Event "Alushta Autumn 1st"]
[Site "Alushta"]
[Date "2002.09.17"]
[Round "4"]
[White "Belikov, Vladimir"]
[Black "Solovjov, Sergey"]
[Result "1-0"]
[WhiteElo "2487"]
[BlackElo "2457"]
[Annotator "Mueller,Karsten"]
[PlyCount "49"]
[EventDate "2002.09.15"]
[EventType "tourn"]
[EventRounds "15"]
[EventCountry "UKR"]
[EventCategory "9"]
[SourceTitle "CBM 092"]
[Source "ChessBase"]
[SourceDate "2003.02.06"]
[SourceVersion "1"]
[SourceVersionDate "2003.02.06"]
[SourceQuality "1"]

1. e4 c5 2. Nf3 d6 3. d4 cxd4 4. Qxd4 Nc6 5. Bb5 Bd7 6. Bxc6 Bxc6 7. c4 {
7.Nc3 ist die Hauptvariante.} f5 $5 8. Nc3 (8. exf5 Qa5+ 9. Nc3 Qxf5 10. Nd5
Bxd5 (10... e5 $5 11. Qd1 Rc8 12. O-O Nf6 13. Re1 Bxd5 14. Nd4 Qh5 15. Qxh5+
Nxh5 16. cxd5 Kd7 $15 {Damjanovic,M-Groszpeter,A/Prague/1986}) 11. cxd5 Nf6 12.
Qa4+ Qd7 13. Qb3 Qf5 14. Qb5+ Kf7 15. Qxb7 Qxd5 $13 {Mansurov,V-Avrukh,B/
Budapest/1993}) 8... e5 (8... fxe4 9. Nxe4 (9. Ng5 $5) 9... Nf6 10. Nxf6+ $6 (
10. Nc3 $5) 10... gxf6 11. Qg4 Qd7 12. Qh5+ Kd8 13. O-O Rg8 14. b3 Qg4 15. Qxg4
Rxg4 $15 {Heinemann,T-Gutman,L/Ger-CupT/1992}) 9. Qe3 (9. Qd3 fxe4 10. Nxe4 Nf6
(10... Be7 11. Be3 Nf6 12. Nfg5 Nxe4 13. Nxe4 d5 14. cxd5 Qxd5 15. Qxd5 Bxd5
16. f3 Bh4+ 17. Bf2 Bxf2+ {1/2-1/2 Lauterbach,I-Baginskaite,K/BLW-9495 1995/
EXT 95ch2 (17)}) 11. Nxf6+ $6 (11. Nfd2 $6 Be7 12. O-O O-O 13. Nc3 d5 14. cxd5
Nxd5 15. Nxd5 Qxd5 16. Qxd5+ Bxd5 $15 {0-1 Heinemann,T-Wilhelmi,C/Hamburg HSK 
(8) 1996/CBM 56 (58)}) (11. Nfg5 Qd7 12. O-O O-O-O 13. Nc3 h6 14. Nge4 Nxe4 15.
Nxe4 d5 16. cxd5 Qxd5 17. Qxd5 Rxd5 18. Nc3 Rd7 19. Be3 {1/2-1/2 Heidenfeld,
M-Mozny,M/BL2-S 1992/BL2 (19)}) (11. Nc3 $5 {ist eine interessante Alternative,
z.B.} Be7 12. Ng5 Qd7 13. O-O O-O 14. Be3 b6 15. Rad1 $11 {/+/= 1-0 Bykhovsky,
A-Kjartansson,G/Reykjavik ISL 2000 (48)}) 11... gxf6 (11... Qxf6 12. Bg5 Qg6 (
12... Qf7 $5) 13. Qxg6+ hxg6 14. Ke2 Be7 15. Be3 Rf8 16. a4 a6 $13 {0-1
Rozentalis,E-Avrukh,B/Beer Sheva16th 1997/CBM 58/[Har Zvi] (45)}) 12. Nh4 Qd7
$11 {/=/+ 1-0 Turov,M-Vaulin,A/Nizhnij Novgorod 1998/CBM 66/[HarZvi,Ronen] (28)
}) 9... fxe4 (9... f4 $6 10. Qd3 $14) 10. Nxe4 (10. Ng5 $5 Nf6 11. O-O (11.
Ngxe4 $2 Nxe4 12. Nxe4 Qh4 $1 $17 {Bruzon,L-Rodriguez,A/Cuba (ch) 71/(203)
1997/Inf 71/[Rodriguez,Am] (12)}) 11... Qc8 $5 (11... Qd7 12. b4 (12. Ngxe4 $5)
12... b6 (12... d5 $6 13. b5 d4 14. bxc6 bxc6 15. Qg3 $36) 13. Ngxe4 Nxe4 14.
Nxe4 Be7 15. b5 Bb7 16. Ba3 O-O 17. Rad1 Rad8 18. Nxd6 Bxd6 19. Rxd6 Qg4 20. f3
Qxc4 21. Qxe5 Rde8 22. Qd4 Qxd4+ 23. Rxd4 Rf7 24. Rfd1 h6 25. Rd8 Rxd8 26.
Rxd8+ Kh7 27. Bd6 Bd5 28. a3 {1/2-1/2 Chandler,M-Borriss,M/BL9697
Dresden-Solingen 1997/BL9697 (28).}) 12. Ngxe4 (12. b3 Qf5 $13) 12... Bxe4 13.
Nxe4 Qxc4 14. Nxf6+ gxf6 15. Qf3 Qf7 16. Rd1 f5 17. Bd2 Bg7 18. Bg5 $13 {
1-0 Dzhumaev,M-Gallego Jimenez,V/Ubeda ESP 2000/The Week in Chess 272 (30)})
10... Nf6 $11 11. Ng3 (11. Nc3 Qd7 12. O-O Qg4 13. b3 Be7 14. h3 Qg6 $11 {
0-1 Mihailidis,A-Evdokimov,A/Mureck 1998/EXP 65 (47). (47)}) 11... Qd7 12. O-O
Qg4 $2 {dieser Damenausflug geht nach hinten los. Schwarz muss zunächst seine
Entwicklung vollenden.} (12... Be7 $1 {war angesagt, z.B.} 13. Rd1 $6 (13. h3
$5) 13... Ng4 14. Qd3 O-O 15. c5 $2 d5 16. h3 $2 Nxf2 17. Kxf2 Bh4 $19) 13. b3
$1 $14 {[%cal Gc1a3,Ga3d6,Ga1d1,Gd1d6]} Be7 $6 (13... Bxf3 14. gxf3 Qh3 15. Ba3
Be7 16. Rad1 Nh5 $14 {was better. war besser.}) 14. h3 $14 {/+/-} Qc8 $2 {
too passive. zu passiv.} (14... Qd7 15. Rd1 Bxf3 (15... Qc7 $6 16. Ng5 $36) 16.
Qxf3 O-O $14 {/+/-}) 15. Ba3 $1 $16 Bxf3 {Schwarz beschließt, sich von seinem
schönen Läufer zu trennen, denn guter Rat ist teuer.} (15... O-O {geht
taktisch nicht:} 16. Nxe5 $16) (15... Qc7 $5 16. Nf5 Qd7 17. Nxe7 (17. g4 $5)
17... Qxe7 18. Rad1 Rd8 19. Rfe1 Bxf3 20. Qxf3 O-O 21. Qd3 $16) 16. Qxf3 O-O
17. Nf5 Qe6 (17... Qc7 18. Rad1 Rad8 19. Qd3 $16) 18. Qxb7 Qxf5 19. Qxe7 Ne4 $6
(19... d5 20. cxd5 Nxd5 21. Qb7 Rfd8 22. Rfe1 $16) 20. Qb7 Nxf2 $2 (20... Rad8
21. Rae1 $16 Ng5 $6 22. Qd5+ Kh8 23. f4 $18) 21. Qd5+ $18 Kh8 22. Bxd6 Rad8 23.
Qxe5 (23. Bxf8 Rxd5 24. Rxf2 $18) 23... Nxh3+ (23... Qxe5 24. Bxe5 Nd3 25.
Rxf8+ Rxf8 26. Bd4 $18) 24. gxh3 Qg6+ 25. Qg3 1-0

[Event "ISR-ch"]
[Site "Tel Aviv"]
[Date "2002.11.24"]
[Round "1"]
[White "Vainshtein, Vladimir"]
[Black "Lerner, Konstantin Z"]
[Result "1/2-1/2"]
[WhiteElo "2321"]
[BlackElo "2504"]
[Annotator "Mueller,Karsten"]
[PlyCount "59"]
[EventDate "2002.11.24"]
[EventType "swiss"]
[EventRounds "9"]
[EventCountry "ISR"]
[SourceTitle "CBM 093"]
[Source "ChessBase"]
[SourceDate "2003.04.01"]
[SourceVersion "1"]
[SourceVersionDate "2003.04.01"]
[SourceQuality "1"]

1. e4 c5 2. Nf3 d6 3. d4 cxd4 4. Qxd4 a6 {ein typisch sizilianischer Zug, der
hier konkret dazu dient, eine Fesselung mit Lb5 nach Sc6 zu verhindern.} 5. Be3
$5 {diese Idee, sofort die Damen zu tauschen, wird zwar selten gespielt, doch
sie zeigt einen Nachteil von ...a6 auf, da Weiß im folgenden Endspiel recht
bequem Ausgleich erreichen kann, so dass sich Vainshtein's Wahl gegen den viel
eloschwereren GM Konstantin Lerner als recht geschickt erweist.} Nc6 6. Qb6
Qxb6 7. Bxb6 Nb4 (7... Nf6 {ist die Hauptvariante.} 8. Nc3 Bg4 (8... Nd7 9. Be3
e6 (9... b5 10. a4 bxa4 11. Rxa4 $14 {1/2-1/2 Yandemirov,V-Chudinovskih,A/
Podolsk 1993/TD 93\07 (32)}) 10. O-O-O (10. Nd2 b5 11. a4 b4 12. Na2 Nf6 13. f3
d5 14. exd5 Nxd5 15. Bf2 Be7 $11 {1/2-1/2 Yandemirov,V-Shtyrenkov,V/Volgograd
1994/CBM 41 (29)}) (10. Nd4 Be7 11. Be2 O-O 12. O-O-O Nxd4 13. Rxd4 b6 14. Rhd1
Rb8 15. f3 $14 {1-0 Hasangatin,R-Cernousek,L/Olomouc CZE 2002/The Week in
Chess 405 (44)}) 10... Be7 11. Nd2 b5 12. a4 b4 13. Na2 d5 14. exd5 exd5 15.
Nb3 O-O 16. Kb1 Nde5 17. Bc5 Re8 18. Bxe7 Rxe7 19. Be2 Bf5 20. Rhe1 $11 {
1-0 Yandemirov,V-Ryskin,A/Minsk 1994/CBM 42 (49)}) (8... g6 9. O-O-O (9. Nd5 $6
Nxd5 10. exd5 Nb4 (10... Nb8 $6 11. Bd4 Rg8 12. Bd3 $14 {1/2-1/2 Voitsekhovsky,
S-Babaev,R/Barlinek 2001/CBM 85 (43)}) (10... Ne5 $6 11. Nxe5 dxe5 12. Be2 $14
{1-0 Antunes,A-Mandl,R/Lugano 1986/CBM 01 (33)}) 11. O-O-O Bh6+ (11... Bf5 $2
12. c3 Bh6+ 13. Be3 Bxe3+ 14. fxe3 Nxa2+ 15. Kd2 $16 {[%cal Gd1a1]}) 12. Kb1 (
12. Be3 Bxe3+ 13. fxe3 Nxa2+ 14. Kb1 Nb4 15. e4 a5 $15) 12... Bf5 13. Nd4 Bg4
$6 (13... Be4 $5) 14. Nf3 Bf5 15. Nd4 Bg4 16. Nf3 Bf5 17. Nd4 {1/2-1/2 Gobet,
F-Bouaziz,S/Reggio Emilia 1983/MCD-r8 (17)}) (9. Bc4 Bg7 10. O-O-O O-O 11. Nd5
Bg4 12. Rhe1 (12. h3 $5) 12... Nd7 13. Be3 Rac8 $132 {0-1 Grund,H-Chandler,M/
BL98/99 Solingen-Viernheim 1998/BL9899 (32)}) 9... Bh6+ 10. Kb1 O-O 11. Nd2 (
11. Nd4 Ne5 12. h3 Ned7 13. Ba5 b6 14. Bb4 Bb7 15. Bd3 Nc5 16. Rhe1 $11 {
/=/+ 1/2-1/2 Nishimura,H-Farago,S/Budapest 1994/EXT 94 (57)}) (11. Bc4 Bg4 12.
Be2 Rac8 13. Rhe1 Rfe8 14. h3 Be6 $11 {1-0 Kiss,F-Hitzgerova,G/Szeged 1994/TD
94\01 (43)}) 11... Be6 12. Nc4 Rac8 13. Be3 Bxe3 {1/2-1/2 Malisauskas,
V-Stefansson,H/Lyon 1994/CBM 45 (13)}) 9. Be2 (9. O-O-O e6 $6 (9... g6 $5) 10.
Bc7 $14 {1/2-1/2 Bierenbroodspot,P-Crisan,A/Dieren 1989/EXT 89op (61)}) (9. h3
Bxf3 10. gxf3 g6 11. Be3 Bg7 12. h4 O-O-O 13. O-O-O h5 $11 {1/2-1/2 Kuijf,
M-Hoeksema,E/NLD-ch 1991/CBM 26 (25)}) (9. Nd2 g6 10. f3 Be6 11. Bd3 Bg7 12.
Be3 Rc8 $11 {1/2-1/2 Chutter,J-Shahade,J/Philadelphia USA 1999 (26)}) (9. Nd5
Rc8 10. Nxf6+ gxf6 $13) 9... Rc8 (9... g6 10. Nd5 Nxd5 11. exd5 Bxf3 12. Bxf3
Ne5 13. Be2 Bg7 14. O-O-O $14 {0-1 Lukovnikov,A-Pavlov,A/Voronezh RUS 2001 (57)
}) (9... Nd7 10. Be3 e6 11. O-O-O Be7 12. Nd4 Bxe2 13. Ncxe2 O-O 14. f3 {
1/2-1/2 Bielczyk,J-Hajek,M/CSR-chT 1992/TD 92\10 (14)}) (9... e6 $6 10. O-O-O
Be7 11. Bc7 Bxf3 12. gxf3 Kd7 13. Bb6 Nh5 14. Be3 g5 15. Na4 $14 {1-0 Hajdu,
L-Balazs,A/HUN-chT 1993/TD 93\08 (52)}) 10. O-O-O (10. h3 Be6 (10... Bxf3 11.
gxf3 g6 12. O-O-O Bg7 13. Kb1 Nd8 14. Nd5 Ne6 $11 {0-1 Gobet,F-Browne,W/Reno
1992/EXT 92op (41)}) 11. Ng5 Bd7 12. O-O-O g6 13. Kb1 Bg7 14. f4 h6 $11 {
Venske,K-Dydyshko,V/Travemuende 74/(232) 1998/Inf 74/[Dydyshko,V] (21)}) (10.
Nd2 Bxe2 11. Kxe2 g6 12. Nd5 (12. f4 Bg7 13. Na4 Nd7 14. c3 O-O 15. Rad1 $11 {
1/2-1/2 Holzhaeuer,M-Reeh,O/Baden/Wuert-NordD 1987/EXT 87 (31)}) 12... Bg7 13.
c3 O-O 14. a4 Rfe8 15. Rhd1 Nb8 16. Nxf6+ Bxf6 17. a5 $11 {0-1 Antunes,
A-Vilela,J/Santa Clara 1991/CBM 26 (115)}) (10. Nd4 Nxd4 11. Bxd4 Bxe2 12. Kxe2
b5 13. a3 e6 14. f3 Be7 $11 {0-1 Tkacheva,L-Efremov,R/St.Petersburg Chigorin
1995/EXT 95 (48)}) 10... e6 (10... g6 11. Be3 (11. h3 Bxf3 12. Bxf3 Bg7 13. Nd5
Ne5 14. Bd4 Nfd7 15. Bg4 e6 16. Ne3 Ke7 17. Be2 $11 {1/2-1/2 Antal,
G-Szeberenyi,A/Budapest HUN 1998 (32)}) 11... Bg7 12. h3 Bxf3 13. Bxf3 Ne5 {
1/2-1/2 Arizmendi Martinez,J-Danner,G/Leon 2001/CBM 86 (13)}) 11. Rhe1 Be7 12.
Nd2 (12. h3 Bh5 13. g4 Bg6 14. Nd2 Nd7 15. Be3 d5 16. exd5 Nb4 $132 {1/2-1/2
Popovic,M-Farago,S/Budapest 1990/EXT 90 (49)}) 12... Bxe2 13. Rxe2 Nd7 14. Be3
$11 {1-0 Yandemirov,V-Shneider,A/St.Petersburg op 1993/TD 93\09 (59)}) (7... g6
8. Nc3 Bh6 (8... Bg7 9. Nd5 Kf8 10. O-O-O Nf6 11. Bd3 (11. Nxf6 Bxf6 12. Nd4
Bd7 (12... Kg7 13. Nxc6 bxc6 14. Bd4 $11 {1/2-1/2 Philipowski,R-Gonda,L/
Budapest HUN 2002/The Week in Chess 409 (33)}) 13. Nxc6 Bxc6 14. f3 h5 15. Bc4
Rc8 16. Bd5 $11 {1/2-1/2 Yandemirov,V-Tunik,G/Orel 1995/CBM 48 (45)}) 11... Bg4
12. Rhe1 Rc8 13. c3 Nxd5 14. exd5 Bxf3 15. gxf3 Ne5 16. Be2 f5 $132 {1/2-1/2
Svidler,P-Shabalov,A/Gausdal 1991/CBM 25 (44)}) 9. Nd5 Kf8 10. Be2 (10. h3 $5
Kg7 11. g4 $14) 10... Kg7 11. O-O (11. Nd4 Nf6 12. Nxc6 bxc6 13. Nxf6 Kxf6 14.
f4 Kg7 15. O-O f6 16. Rad1 c5 {1/2-1/2 Popovic,M-Paunovic,T/JUG-chT Igalo 1994/
EXT 94ch (16)}) 11... Nf6 12. Nxf6 Kxf6 13. Nd4 Bf4 $5 14. c3 Kg7 15. a4 h5 16.
Nxc6 bxc6 17. b4 Bg4 18. Bd3 Rhc8 19. a5 e5 20. c4 Bd2 21. Rab1 $5 c5 22. bxc5
dxc5 23. h3 Bd7 $1 $15 {Yandemirov,V-Atalik,S/Athens 1993/Inf 60 (23)}) (7...
f5 $6 8. Bc4 (8. Nc3 $5 {mit der Idee auf} Nf6 $6 {mit} 9. Nd5 {fortzusetzen,
scheint mir noch genauer zu sein.}) 8... Nf6 9. Nc3 fxe4 10. Ng5 Ne5 $11 {
/+/= 0-1 Mihailidis,A-Zhigalko,A/Peniscola ESP 2002/The Week in Chess 414 (32)}
) 8. Na3 (8. Nd4 Nf6 9. a3 Nc6 10. Nc3 Nd7 11. Nd5 Nxb6 12. Nxb6 Nxd4 13. O-O-O
Rb8 14. Rxd4 (14. Nxc8 $11) 14... g6 $11 {1-0 Lasanda,M-Kun,S/Sarospatak 1994/
EXT 99 (29)}) (8. Bd3 $6 Nf6 9. a3 Nxd3+ 10. cxd3 g6 11. Nc3 Bg7 12. Ke2 O-O
13. Nd2 Be6 14. Rac1 Rac8 $15 {0-1 Nishimura,H-Diallo,M/Novi Sad 1990/TD (39)})
8... Nf6 9. c3 $5 (9. Nd2 d5 10. Bc5 e6 11. Bxf8 Rxf8 12. c3 Nc6 13. exd5 Nxd5
14. g3 $11 {1-0 Yandemirov,V-Savchenko,S/Podolsk 1990/TD (70). (69)}) 9... Nc6
10. Bd3 g6 11. Nc4 Be6 12. Ng5 Bxc4 13. Bxc4 Ne5 14. Bb3 Bh6 (14... h6 15. Nf3
$11) 15. h4 Bxg5 16. hxg5 Nxe4 17. O-O-O $44 Nd7 $6 (17... Nc6 18. Rhe1 Nc5 19.
Rxd6 Nxb3+ 20. axb3 h6 $11) 18. Bd4 e5 (18... O-O $2 19. Rxh7 e5 (19... Kxh7 $2
20. Rh1+ Kg8 21. Rh8#) 20. Rh6 Kg7 21. Be3 Ndc5 22. Bc2 $16) 19. Rhe1 (19. Be3
$5) 19... Nxg5 20. f4 $6 (20. Be3 $5 {war noch nachhaltiger, z.B.} h6 (20...
Ne4 $6 21. Bd5 Nec5 22. b4 $36) 21. Rxd6 Ne4 (21... O-O-O $6 22. Bxg5 hxg5 23.
Bxf7 $16) 22. Rdd1 $36) 20... Ne6 21. fxe5 Nxd4 22. Rxd4 dxe5 (22... Nxe5 $2
23. Rxd6 Ke7 24. Rb6 f6 25. Rxb7+ $16) 23. Bxf7+ $1 Ke7 24. Bd5 Rab8 25. Bf3 h5
26. Rc4 g5 27. Rd1 g4 $6 (27... Rh6 {war genauer:} 28. Rc7 Rd6 29. Bxh5 Rxd1+
30. Kxd1 Kd6 31. Rc4 b5 32. Rg4 Rg8 $11 {/=/+}) 28. Be4 Rbc8 $2 {[%mdl 8192]} (
28... Rh6 $6 29. Rc7 Rd6 30. Bf5 Rxd1+ 31. Kxd1 Rf8 (31... Rd8 32. Rxb7 $16)
32. Rxd7+ Ke8 33. Be6 Rf6 34. Rxb7 Rxe6 35. Rh7 $16) (28... Nf6 {war vonnöten,
z.B.} 29. Rc7+ Ke6 30. Bxb7 h4 $132) 29. Rxc8 $2 (29. Rxd7+ $1 Kxd7 30. Bf5+
$18) 29... Rxc8 30. Bxb7 {Vermutlich hatte der Weiße aufgrund der hohen
Elodifferenz Respekt. Sonst hätte er sicher weitergespielt:} (30. Bxb7 Rh8 31.
Bxa6 h4 32. Be2 Nf6 33. Rh1 Ke6 34. Kd2 $14) 1/2-1/2